| 000 | 00608nam a2200181 4500 | ||
|---|---|---|---|
| 005 | 20260428152336.0 | ||
| 008 | 260428b |||||||| |||| 00| 0 eng d | ||
| 020 |
_a9781599183503 _qPBK |
||
| 041 | _aeng | ||
| 082 | _a343.7305268 LEE | ||
| 100 | _aLee Bonnie,E.A | ||
| 245 |
_aTaxpertise The Complete Book of Dirty Little Secrets _bAnd Tax Deduction for small businesses the IRS doesn't want you to know _c Bonnie Lee,E.A |
||
| 260 |
_aUnited States _bEp Enterpreneur press _c2009 |
||
| 300 |
_a264p. : _c22cm. |
||
| 504 | _aindex | ||
| 650 | _aMilitary, tax, trade & industrial law | ||
| 942 | _cENGLISH | ||
| 999 |
_c620274 _d620274 |
||